Vista normal
Vista MARC
- Museo Histórico Cornelio de Saavedra (Buenos Aires)
Entrada Nombre de entidad
Número de registros utilizados en: 3
001 - NÚMERO DE CONTROL
- campo de control: 8328
003 - IDENTIFICADOR DE NÚMERO DE CONTROL
- campo de control: AR-BaAGN
005 - FECHA Y HORA DE LA ÚLTIMA TRANSACCIÓN
- campo de control: 20240606103431.0
008 - ELEMENTOS DE DATO DE LONGITUD-FIJA
- campo de control de longitud fija: || ac|nnaabn | ana d
040 ## - FUENTE DE CATALOGACIÓN
- Centro catalogador/agencia de origen: AR-BaAGN
- Lengua de catalogación: spa
- Normas de descripción: aacr
110 2# - ENCABEZAMIENTO-NOMBRE DE ENTIDAD CORPORATIVA
- Nombre de entidad corporativa o nombre de jurisdicción como elemento de entrada: Museo Histórico Cornelio de Saavedra (Buenos Aires)
372 ## - CAMPO DE ACTIVIDAD
- Campo de actividad: Historia
